00623nam a22001697a 450000500170000001000150001702000260003203500140005803700130007208200080008510000270009324501540012026000440027427000920031830000260041070000170043620220302113036.0 aENG-131834 a9789389080254c130.00 aEN-115366 bDBAD/PUB a881 aVirumbi's, Muththamizh aA Lady At the Little Gate:bCollection of poems from the only living Classical Language, Tamil/cMuththamizh Virumbi's and Translated by C. Rajeswari aChennaibOlivannan Gopalakrishnanc2019 a15 A, First Floor, Casa Major Road, EgmorebChennaie600008minfo@emeraldpublishers.com axxxi, 79p.c18cm(pbk) aRajeswari, C